Catalog

Record Details

Catalog Search



Volný čas - vzdělání - moudrost / Josef Pieper

Summary:

Studie se zabývá základními otázkami etiky, principy souladu víry a rozumu s dogmaty katolické věrouky.

Record details

  • ISBN: 80-900615-6-7
  • Physical Description: 75 s.
  • Edition: 1. vyd.
  • Publisher: Praha : Křesťanská akademie, 1992
Subject: moudrost
práce
univerzity
volný čas
vzdělávání
vzdělávání
teologie

Available copies

  • 2 of 2 copies available at Common Catalog SPOK.

Holds

  • 0 current holds with 2 total copies.
Show Only Available Copies
Location Call Number / Copy Notes Barcode Shelving Location Status Due Date
Jabok Library FL-3/Pi 424480004322 Odborná literatura Available -
Jabok Library FL-3/Pi 424480020572 Odborná literatura Available -

LDR 01575cam a22005177a 4500
00114405
003CZ-PrJAB
00520191125092448.0
007ta
008950616s1992 xr |||||r|||||||| ||cze|d
015 . ‡acnb000071398
020 . ‡a80-900615-6-7
035 . ‡a(CZ PrSKC)000118924
035 . ‡a(OCoLC)39563610
040 . ‡aABD027 ‡bcze ‡cABD027 ‡dABD027 ‡dABD067
0411 . ‡acze ‡hger
080 . ‡a37
080 . ‡a23/25
080 . ‡a17
080 . ‡a331
1001 . ‡aPieper, Josef, ‡d1904-1997 ‡7jn20020404006 ‡4aut
24510. ‡aVolný čas - vzdělání - moudrost / ‡cJosef Pieper
250 . ‡a1. vyd.
260 . ‡aPraha : ‡bKřesťanská akademie, ‡c1992
300 . ‡a75 s.
520 . ‡aStudie se zabývá základními otázkami etiky, principy souladu víry a rozumu s dogmaty katolické věrouky.
65007. ‡amoudrost ‡2ctt
65007. ‡apráce ‡2ctt
65007. ‡auniverzity ‡2ctt
65007. ‡avolný čas ‡2ctt
65007. ‡avzdělávání ‡7ph127311 ‡2czenas
65007. ‡avzdělávání ‡7ph127311 ‡2czenas
65007. ‡ateologie ‡7ph116425 ‡2czenas
910 . ‡aABG312
995 . ‡aska
901 . ‡a14405 ‡bCZ PrSKC ‡c14405 ‡tbiblio

Additional Resources